000 00937aam a2200313 i 4500
001 768714001
003 CO-MdFUSB
005 20240704115423.0
007 ta
008 240704t1991 ck |||| |||| 00| 0 spa d
020 _a958-607-419-6
040 _cCO-MdFUSB
041 0 _aspa
082 0 4 _a206
_223
_bG158
100 1 _aGalilea, Segundo
_eautor
245 1 3 _aLa inserción en la vida de Jesús y en la misión
_c/ Segundo Galilea
250 _aSegunda edición
264 1 _bEdiciones Paulinas,
_aBogotá, Colombia :
_c[1991]
264 4 _c©1991
300 _a76 páginas
_c; 22 cm
336 _2rdacontent
_atexto
_btxt
337 _2rdamedia
_asin mediación
_bn
338 _2rdacarrier
_avolumen
_bnc
505 _aInserción radical: Nazaret - Inserción misionera: La vida pública. -- Inserción redentora: la pasión.
563 _aRústico
650 7 _aCristología
_9239
942 _cBK
945 _aJTF-925
999 _c42633
_d42633